000 00452nam a2200169Ia 4500
008 240729s9999 xx 000 0 und d
022 _a2635-2648
245 0 _aEuropean Journal of Management Studies
260 _aUnited Kingdom
260 _bEmerald Publishing
650 _a Business
650 _a Commerce
650 _aSocial Sciences
856 _uhttps://doaj.org/toc/e02034a550df45d2b7c73d1c57541c57
942 _2ddc
942 _cDOAJEJ
999 _c65629
_d65629
945 _a1
_bMadushi Gamage
_c1
_dMadushi Gamage